Bodies of Water by Letter - A - Statistics

General Stats
  • This quiz has been taken 343 times
  • The average score is 11 of 21
Answer Stats
Hint Answer % Correct
Sea that separates Italy from Croatia Adriatic Sea
97%
Smallest Ocean in the world Arctic Ocean
94%
River with the most volume of water Amazon River
93%
Second largest body of water in the world Atlantic Ocean
93%
Sea that borders the city of Athens Aegean Sea
90%
Also known as the Southern Ocean Antarctic Sea
78%
Lake on the border of Kazakhstan and Uzbekistan Aral Sea
77%
Largest Sea by Area Arabian Sea
71%
Sea bordering the city of Phuket Andaman Sea
60%
Gulf famous for having pirates Gulf of Aden
60%
Sea that borders Crimea Sea of Azov
59%
East Russian River, tenth longest in the world Amur River
53%
River that flows east to the Mississippi Arkansas River
45%
One of the African Great Lakes Lake Albert
45%
Canadian Lake known for Sand Dunes Lake Athabasca
24%
Central Asian river known by its Latin name Oxus Amu Darya
19%
Sea off west Antarctica Amundsen Sea
17%
Sea off Finland in the Baltic Sea Archipelago Sea
5%
Very long river that flows through Russia and Mongolia Angara River
4%
Tributary of the Tocantins River Araguaia River
3%
Also known as the Irrawaddy River Ayeyarwady River
1%
No matching quizzes found
Score Distribution
Percent of People with Each Score
Percentile by Number Answered
Your Score History
You have not taken this quiz